000 01279cam a22003257a 4500
003 CHAP
005 20220817043705.0
008 000724d1999 cr r 00110 esp d
010 _a81820
011 _a82792
020 _a996882500X
035 _a93295
040 _cCHAP
082 0 4 _a333.72
_bU56
110 2 _aUnión Internacional para la Conservación de la Naturaleza y de los Recursos Naturales
_9116238
245 1 0 _aLista de fauna de importancia para la conservación en Centroamérica y México :
_blistas rojas, listas oficiales y especies en apéndices CITES
_c/por Unión Internacional para la Conservación de la Naturaleza y de los Recursos Naturales
260 _aSan José, C.R. :
_bFondo Mundial para la Naturaleza. Centroamérica,
_c1999.
300 _a224 p.
590 _aBATCH-UPD
_b10
_c20130110
_lUCH01
_h1644
590 _aBATCH-UPD
_b10
_c20130410
_lUCH01
_h1034
590 _aBATCH-UPD
_b10
_c20130914
_lUCH01
_h1159
590 _aCONVERSION
_b10
_c20130109
_lUCH01
_h1345
650 1 4 _aDesarrollo sustentable.
650 1 4 _aRecursos naturales
_xConservación.
650 1 4 _aVida silvestre.
_9119155
901 _aBK
905 _aAlejandra Carrasco M.
942 _cLIBRO
949 _a333.72 U56
_bBC
_cLIBRO
_d33724000799847
_eLIBRO
_h98280
_i93295
_si
999 _c81820
_d81820